| 000 | 00942cam a22002417a 4500 | ||
|---|---|---|---|
| 001 | BD-DhSAU 5612 | ||
| 003 | BD-DhSAU | ||
| 005 | 20150416153524.0 | ||
| 008 | 090914s2009 njua b 001 0 eng c | ||
| 020 | _a9789812837097 (hbk.) | ||
| 040 | _aBD-DhSAU | ||
| 082 | 0 | 0 |
_a615.321 _222 _bLIG |
| 100 | 1 | _aKoh, Hwee Ling. | |
| 245 | 1 | 2 |
_aA guide to medicinal plants : _ban illustrated, scientific and medicinal approach / _cKoh Hwee Ling, Chua Tung Kian, Tan Chay Hoon ; other contributors: Johannes Murti Jaya ... [et al.] ; photographers: Chua Tung Kian ... [et al.]. |
| 260 |
_aHackensack, NJ : _bWorld Scientific Pub. , _cc2009. |
||
| 300 |
_axix, 292 p. : _bcol. ill. ; _c24 cm. |
||
| 504 | _aIncludes bibliographical references (p. 172-247) and index. | ||
| 590 | _aimran | ||
| 650 | 0 |
_aMedicinal plants _zSingapore _vIdentification. |
|
| 650 | 1 | 2 |
_aPlants, Medicinal _zSingapore. |
| 700 | 1 | _aChua, Tung Kian. | |
| 700 | 1 | _aTan, Chay Hoon. | |
| 942 |
_2ddc _cBOOK |
||
| 999 |
_c5612 _d5612 |
||